|
|
|
|
| LEADER |
00000nam0a2200000 4500 |
| 001 |
376098 |
| 005 |
20231102012807.0 |
| 035 |
|
|
|a (RuTPU)RU\TPU\retro\33538
|
| 035 |
|
|
|a RU\TPU\book\227451
|
| 090 |
|
|
|a 376098
|
| 100 |
|
|
|a 20221221d1988 k y0rusy50 ca
|
| 101 |
0 |
|
|a rus
|
| 102 |
|
|
|a RU
|
| 105 |
|
|
|a a z 001zy
|
| 200 |
1 |
|
|a Технические средства для реализации базовых технологий геологоразведочного бурения
|e сборник научных трудов
|f Всесоюзный научно-исследовательский институт методики и техники разведки ; под ред. Ю. Д. Бугакова
|
| 210 |
|
|
|a Ленинград
|c ВИЭМС
|d 1988
|
| 215 |
|
|
|a 103 с.
|c ил.
|
| 320 |
|
|
|a Библиогр. в конце ст.
|
| 610 |
1 |
|
|a геологоразведочное бурение
|
| 610 |
1 |
|
|a технические средства
|
| 610 |
1 |
|
|a базовые технологии
|
| 610 |
1 |
|
|a бурение
|
| 610 |
1 |
|
|a гидроударные машины
|
| 610 |
1 |
|
|a долота
|
| 610 |
1 |
|
|a калибровка
|
| 675 |
|
|
|a 550.822.7:622.24.05
|v 3
|
| 702 |
|
1 |
|a Бугаков
|b Ю. Д.
|4 340
|
| 712 |
0 |
2 |
|a Всесоюзный научно-исследовательский институт методики и техники разведки
|2 stltpush
|3 (RuTPU)RU\TPU\col\6027
|9 24205
|
| 801 |
|
1 |
|a RU
|b 63413507
|c 20120202
|
| 801 |
|
2 |
|a RU
|b 63413507
|c 20221221
|g RCR
|
| 942 |
|
|
|c BK
|